Exekutívne funkcie, vedecké myslenie a kognitívna reflexia ako determinanty profesijných kompetencií učiteľov v pregraduálnej príprave a v praxi

Bibliographic Details
Main Authors: Gatial, Viktor, 1971- (Author), Juhásová, Andrea (Author), Süttö, Lucia (Author)
Other Authors: Lacková, Lucia, 1979- (Reviewer), Kimplová, Tereza, 1978- (Reviewer)
Format: eBook
Language:Slovak
PhysicalDescription:1 CD-ROM 12 cm
Published: Nitra Univerzita Konštantína Filozofa v Nitre 2023
ISBN:9788055820521
Subjects:

MARC

LEADER 00000cam a2200000 4500
001 vtls012281910
003 SK-MaSNL
005 20260301040540.0
008 250827s2023 xo da fsn 000 0 slo
020 |a 9788055820521  |q (elektronická kniha) 
040 |a SNK  |b slo  |c SNK  |e rda 
041 0 |a slo 
044 |a xo  |c SK 
072 7 |a 37  |x Výchova a vzdelávanie  |2 konspekt 
080 |a 331.546  |2 2011 
080 |a 37.091.3  |2 2011 
080 |a (048.8)  |2 2011 
080 |a 37.011.3-051  |2 2011 
100 1 |a Gatial, Viktor,  |d 1971-  |4 aut  |9 197294 
245 1 0 |a Exekutívne funkcie, vedecké myslenie a kognitívna reflexia ako determinanty profesijných kompetencií učiteľov v pregraduálnej príprave a v praxi  |c Viktor Gatial, Andrea Juhásová, Lucia Süttő 
264 1 |a Nitra  |b Univerzita Konštantína Filozofa v Nitre  |c 2023 
300 |a 1 CD-ROM  |c 12 cm 
336 |a text  |b txt  |2 rdacontent 
337 |a počítač  |b c  |2 rdamedia 
338 |a počítačový súbor  |b cd  |2 rdacarrier 
347 |a textový súbor  |b PDF  |2 rda 
504 |a Obsahuje bibliografiu 
650 0 7 |a profesijné kompetencie  |2 SNKPH  |9 74959 
650 0 7 |a vyučovacie metódy  |2 SNKPH  |9 1521 
650 0 7 |a pregraduálna príprava  |2 SNKPH  |9 340889 
650 0 7 |a Teachers  |2 SNKPHeng  |9 275931 
650 0 7 |a Vocational qualifications  |2 SNKPHeng  |9 306683 
650 0 7 |a učitelia  |2 SNKPH  |9 3995 
650 0 7 |a Teaching methods  |2 SNKPHeng  |9 286676 
655 7 |a monografie  |2 SNKPH  |9 70139 
655 7 |a Monographs  |2 SNKPHeng  |9 120675 
655 7 |a CD-ROM  |2 SNKPH  |9 70236 
700 1 |a Juhásová, Andrea  |4 aut  |9 69731 
700 1 |a Süttö, Lucia  |4 aut  |9 340890 
700 1 |a Lacková, Lucia,  |d 1979-  |4 rev  |9 100603 
700 1 |a Kimplová, Tereza,  |d 1978-  |4 rev  |9 340891 
710 2 |a Univerzita Konštantína Filozofa v Nitre.  |b Pedagogická fakulta.  |b Katedra pedagogickej a školskej psychológie  |4 pbl  |9 213126 
852 |a Slovenská národná knižnica 
919 |a 978-80-558-2052-1 
954 |a odborná, vedecká literatúra pôvodná (slovenská)  |2 lita 
958 |a NB 
999 |c 586367  |d 588297 
952 |a SNK  |b SNK  |y NEVYP  |7 1  |p 17A1575108  |o snkSCDM 13820  |i snk2025/13584  |8 0  |0 0  |1 0  |4 0  |d 2025-08-27  |l 0  |r 2026-02-23 15:08:58  |w 2026-02-23